000 00471nam a2200181Ia 4500
005 20250326124741.0
008 250326s9999 xx 000 0 und d
037 _aTextbook
040 _aFMSL
_beng
_cFMSL
041 _aeng
_2eng
084 _aX:89A L1
_qFMSL
100 _aBuffa E S
245 0 _aBasic production management
_cBuffa E S
260 _aNY
_bNY, John Wiley
_c1971
300 _a630p
942 _cTB
_hX:89A L1
999 _c1275038
_d1275038